000
00194 a2200097 4500
001
3514
100
_a
Gaitskell, H
245
_a
Allaining manhood
260
_a
_b
Allen
_c
090
_c
2780
_d
2780
942
_a
NUST-CAE
_c
M
_c
19780
999
_c
238587
_d
238587